Online katalóg knižníc regiónu Turca

Ženy vyhnané z raja (Record no. 22206)

MARC details
000 -LEADER
fixed length control field 01307cam a2200385 a 4500
001 - CONTROL NUMBER
control field 22206
003 - CONTROL NUMBER IDENTIFIER
control field VRT
005 - DATE AND TIME OF LATEST TRANSACTION
control field 20260323132412.0
008 - FIXED-LENGTH DATA ELEMENTS--GENERAL INFORMATION
fixed length control field 240314s2014 xo g 000 f slo
015 ## - NATIONAL BIBLIOGRAPHY NUMBER
National bibliography number SNBA2015/01
020 ## - INTERNATIONAL STANDARD BOOK NUMBER
International Standard Book Number 9788081640148
Qualifying information (viaz.)
035 ## - SYSTEM CONTROL NUMBER
System control number 5182EF1E-3B1E-4EB7-971B-D6DFDE73F8CC
035 ## - SYSTEM CONTROL NUMBER
System control number urn:nbn:sk:snk-amjoj0
035 ## - SYSTEM CONTROL NUMBER
System control number urn:nbn:sk:snk-am001owt
039 #9 - LEVEL OF BIBLIOGRAPHIC CONTROL AND CODING DETAIL [OBSOLETE]
Level of rules in bibliographic description 202403141143
Level of effort used to assign nonsubject heading access points VLOAD
Level of effort used to assign subject headings 201905201048
Level of effort used to assign classification AUTHORITY
Level of effort used to assign subject headings 201604291209
Level of effort used to assign classification VLOAD
Level of effort used to assign subject headings 201604271553
Level of effort used to assign classification VLOAD
040 ## - CATALOGING SOURCE
Original cataloging agency POKPOH
Language of cataloging slo
Transcribing agency POKPOH
Modifying agency SNK
Description conventions AACR2
041 0# - LANGUAGE CODE
Language code of text/sound track or separate title slo
044 ## - COUNTRY OF PUBLISHING/PRODUCING ENTITY CODE
MARC country code xo
ISO country code SK
072 #7 - SUBJECT CATEGORY CODE
Subject category code 821.162.4-3
Subject category code subdivision Slovenská próza
Source konspekt
080 ## - UNIVERSAL DECIMAL CLASSIFICATION NUMBER
Universal Decimal Classification number 821.162.4-31
Edition identifier 2001
100 1# - MAIN ENTRY--PERSONAL NAME
Personal name Martincová, Denisa,
Dates associated with a name 1972-
Relationship aut
245 10 - TITLE STATEMENT
Title Ženy vyhnané z raja
Statement of responsibility, etc. Denisa Martincová
250 ## - EDITION STATEMENT
Edition statement 1. vyd.
260 ## - PUBLICATION, DISTRIBUTION, ETC.
Place of publication, distribution, etc. Bratislava
Name of publisher, distributor, etc. Motýľ
Date of publication, distribution, etc. 2014
300 ## - PHYSICAL DESCRIPTION
Extent 269 s.
Dimensions 21 cm
655 #7 - INDEX TERM--GENRE/FORM
Genre/form data or focus term slovenské romány
Source of term SNKPH
655 #7 - INDEX TERM--GENRE/FORM
Genre/form data or focus term Slovak fiction
Source of term SNKPHeng
910 ## - USER-OPTION DATA (OCLC)
User-option data bpksh
942 ## - ADDED ENTRY ELEMENTS (KOHA)
Source of classification or shelving scheme Dewey Decimal Classification
Koha item type Krásna literatúra pre dospelých
Suppress in OPAC No
949 ## - LOCAL PROCESSING INFORMATION (OCLC)
6 17A1134412
a snkSC 161669 D1
b snk2015/434
o 2278/14
949 ## - LOCAL PROCESSING INFORMATION (OCLC)
6 17A1119142
a snkSC 161669
b snk2014/24427
o 2278/14
s 6100:20140925
949 ## - LOCAL PROCESSING INFORMATION (OCLC)
6 270001000453528
a svkbbA 141542
b svkbbm 744703
949 ## - LOCAL PROCESSING INFORMATION (OCLC)
a snklmDK 6905 SNKLM
b snklm2014/78
949 ## - LOCAL PROCESSING INFORMATION (OCLC)
6 3869A12812
a bpksh821.162.4-31
b bpksh67057
Holdings
Stav vyradenia Strata Poškodenie Spôsob nadobudnutia Domovská knižnica Aktuálna knižnica Dátum nadobudnutia Total checkouts Čiarový kód exemplára Date last seen Typ exemplára Cena
      Kúpa Obecná knižnica Horná Štubňa Obecná knižnica Horná Štubňa 24.03.2026   9788081640148 24.03.2026 Krásna literatúra pre dospelých 8.00
      Dar Obecná knižnica Turčianska Štiavnička Obecná knižnica Turčianska Štiavnička 23.03.2026   4738000667 23.03.2026 Krásna literatúra pre dospelých  
Projekt je podporený Slovenskou asociáciou knižníc
Prevádzkuje Turčianska knižnica Martin 2026